000 00449nam a2200181Ia 4500
005 20230801110505.0
008 131103s9999 xx 000 0 und d
040 _aLoreto College
041 _aEnglish
082 _aF
_bFOR
100 _aForsyth,Frederick
245 4 _aThe days of the jackal
_cFrederick Forsyth
260 _aLondon
_bCorgi Books
_c1971
300 _a382 p.
650 _aFiction in English
850 _aLCLIB
942 _cBK
999 _c14477
_d64956